K Is for kissing a cool kangaroo / (Record no. 6185)

MARC details
000 -LEADER
fixed length control field 01076nam a22002897a 4500
001 - CONTROL NUMBER
control field 6185
003 - CONTROL NUMBER IDENTIFIER
control field FISKH
005 - DATE AND TIME OF LATEST TRANSACTION
control field 20250325080040.0
008 - FIXED-LENGTH DATA ELEMENTS--GENERAL INFORMATION
fixed length control field 250325b cb ||||| |||| 00| 0 eng d
020 ## - INTERNATIONAL STANDARD BOOK NUMBER
International Standard Book Number 9780439640213
040 ## - CATALOGING SOURCE
Original cataloging agency FISKH
Language of cataloging eng
Transcribing agency FISKH
Modifying agency FISKH
050 ## - LIBRARY OF CONGRESS CALL NUMBER
Classification number PE1155 .A4955
082 ## - DEWEY DECIMAL CLASSIFICATION NUMBER
Classification number 428.1
100 ## - MAIN ENTRY--PERSONAL NAME
Personal name Andreae, Giles
245 ## - TITLE STATEMENT
Title K Is for kissing a cool kangaroo /
Statement of responsibility, etc. by Giles Andreae ; Illustrated by Guy Parker-Rees
250 ## - EDITION STATEMENT
Edition statement First Scholastic paper printing, March 2004
260 ## - PUBLICATION, DISTRIBUTION, ETC.
Place of publication, distribution, etc. New York :
Name of publisher, distributor, etc. Scholastic,
Date of publication, distribution, etc. 2002
300 ## - PHYSICAL DESCRIPTION
Extent 30 unnumbered pages :
Other physical details color illustrations ;
Dimensions 28 cm
505 ## - FORMATTED CONTENTS NOTE
Formatted contents note F
520 ## - SUMMARY, ETC.
Summary, etc. Illustrations and a simple rhyme introduce all the letters of the alphabet, and the word list that follows challenges the reader to go back and find more examples of words that begin with each letter.
521 8# - TARGET AUDIENCE NOTE
Target audience note 300<br/>
Source Lexile estimate <br/>
521 8# - TARGET AUDIENCE NOTE
Target audience note F<br/>
Source Raz-Plus
650 ## - SUBJECT ADDED ENTRY--TOPICAL TERM
Topical term or geographic name entry element Alphabet book
Form subdivision Beginning of the year
General subdivision Animals
700 ## - ADDED ENTRY--PERSONAL NAME
Personal name Parker-Rees, Guy
Relator term illustrator
942 ## - ADDED ENTRY ELEMENTS (KOHA)
Source of classification or shelving scheme Dewey Decimal Classification
Koha item type Books
Suppress in OPAC No
Holdings
Withdrawn status Lost status Source of classification or shelving scheme Damaged status Not for loan Collection Home library Current library Shelving location Date acquired Total Checkouts Full call number Barcode Date last seen Copy number Price effective from Koha item type
    Dewey Decimal Classification     Juvenile Fiction Footprints International School Library Network Toul Kork Campus Footprints International School Library Network Toul Kork Campus TK Primary Library Room(4th Floor), Bookcase 7, Shelves 57-60, Dark Green Books 03/25/2025   AND 428.1 PE1155 .A4955 FISBK00635 03/25/2025 1 03/25/2025 Books
    Dewey Decimal Classification     Juvenile Fiction Footprints International School Library Network Toul Tom Poung Campus Footprints International School Library Network Toul Tom Poung Campus TTP Primary Green Bookshelves 06/24/2025   AND 428.1 PE1155 .A4955 FIS01874 06/24/2025 2 06/24/2025 Books